| 000 | 00482 a2200157 4500 | ||
|---|---|---|---|
| 020 | _a 0007121121 | ||
| 082 | _a823.912 | ||
| 090 |
_c1019 _d1019 |
||
| 100 | _aAgatha Christie | ||
| 245 |
_aCurtain: Poirit's last case _cAgatha Christie |
||
| 260 |
_aLondon: , _bHarper Collins Publishers _c1975. |
||
| 300 |
_a284 p ; _b20 cm. |
||
| 500 | _aIncludes Index | ||
| 650 | _a1.Poirot, Hercule (Fictitious character) --Fiction.2.Private investigators --England --Fiction | ||
| 942 | _cBK | ||
| 999 |
_c481819 _d481819 |
||